| Tag |
First Indicator |
Second Indicator |
Subfields |
| LEADER |
00000cam a2200000Ma 4500 |
| 001 |
in00003545604 |
| 006 |
m o d |
| 007 |
cr nn||||||||| |
| 008 |
121227s1998 ne o 000 0 eng d |
| 005 |
20260420205714.4 |
| 020 |
|
|
|a 9789401148801 (electronic bk.)
|
| 020 |
|
|
|a 9401148805 (electronic bk.)
|
| 035 |
|
|
|a (OCoLC)840310981
|
| 040 |
|
|
|a I9W
|b eng
|e pn
|c I9W
|d OCLCQ
|d UV0
|d OCLCO
|d GW5XE
|d OCLCF
|d UtOrBLW
|
| 049 |
|
|
|a TXAM
|
| 050 |
|
4 |
|a RM1-950
|
| 082 |
0 |
4 |
|a 615
|2 23
|
| 100 |
1 |
|
|a Rodger, Ian.
|
| 245 |
1 |
0 |
|a Leukotrienes :
|b New Concepts and Targets for Therapy /
|c edited by Ian Rodger, Jack Botting, Sven-Erik Dahlén.
|
| 264 |
|
1 |
|a Dordrecht :
|b Springer Netherlands,
|c 1998.
|
| 300 |
|
|
|a 1 online resource (156 pages)
|
| 336 |
|
|
|a text
|b txt
|2 rdacontent
|
| 337 |
|
|
|a computer
|b c
|2 rdamedia
|
| 338 |
|
|
|a online resource
|b cr
|2 rdacarrier
|
| 520 |
|
|
|a This volume is the proceedings of the William Harvey Research Conference held in London on the 12th and 13th June 1997. It covers the biosynthesis of leukotrienes, their release in pathological conditions, progress in the characterisation of leukotriene receptors, and the elucidation of signal transduction mechanisms following receptor activation. Particular attention has been directed at the use of the increasing number of available leukotriene receptor antagonists and biosynthesis inhibitors in diseases such as asthma and rhinitis.
|
| 500 |
|
|
|a Electronic resource.
|
| 650 |
|
0 |
|a Medicine.
|
| 650 |
|
0 |
|a Toxicology.
|
| 650 |
|
0 |
|a Allergy.
|
| 650 |
|
7 |
|a Allergy.
|2 fast
|0 (OCoLC)fst00805549
|
| 650 |
|
7 |
|a Medicine.
|2 fast
|0 (OCoLC)fst01014893
|
| 650 |
|
7 |
|a Toxicology.
|2 fast
|0 (OCoLC)fst01153364
|
| 655 |
|
7 |
|a Electronic books.
|2 local
|
| 700 |
1 |
|
|a Botting, Jack.
|
| 700 |
1 |
|
|a Dahlén, Sven-Erik.
|
| 710 |
2 |
|
|a SpringerLink (Online service)
|
| 856 |
4 |
0 |
|u http://proxy.library.tamu.edu/login?url=https://link.springer.com/10.1007/978-94-011-4880-1
|z Connect to the full text of this electronic book
|t 0
|
| 994 |
|
|
|a 92
|b TXA
|
| 999 |
|
|
|a MARS
|
| 999 |
f |
f |
|s e927ef56-d1c8-328f-b0cc-9a34946c00b5
|i 54dce718-1675-3253-8154-14d9091e143d
|t 0
|
| 952 |
f |
f |
|a Texas A&M University
|b College Station
|c Electronic Resources
|s www_evans
|d Available Online
|t 0
|e RM1-950
|h Library of Congress classification
|
| 998 |
f |
f |
|a RM1-950
|t 0
|l Available Online
|